[Event "IECC M-5172"]
[Site "IECC email"]
[Date "2004.12.17"]
[Round "?"]
[White "Duncan, Brett"]
[Black "Johnson, Bernie"]
[Result "1/2-1/2"]
[WhiteElo "1664"]
[BlackElo "1836"]
[PlyCount "75"]
[EventDate "2004.??.??"]
[EventType "tourn (corr)"]
[EventRounds "10"]
[SourceTitle "Corr 2020"]
[Source "ChessBase"]
[SourceDate "2019.09.30"]
[SourceVersion "1"]
[SourceVersionDate "2019.09.30"]
[SourceQuality "1"]
[WhiteTeam "Australia"]
[BlackTeam "United States"]
[WhiteTeamCountry "AUS"]
[BlackTeamCountry "USA"]

1. c4 Nf6 2. Nc3 e5 3. Nf3 Nc6 4. g3 Bb4 5. Bg2 0-0 6. 0-0 e4 7. Ng5 Bxc3 8. bxc3 Re8 9. f3 exf3 10. Nxf3 d5 11. d4 Ne4 12. Qc2 dxc4 13. Rb1 Bf5 14. Nh4 Nxg3 15. Nxf5 Rxe2 16. Qd1 Rxg2+ 17. Kxg2 Nxf1 18. Qxf1 Ne7 19. Rb5 c6 20. Nxe7+ Qxe7 21. Re5 Qd7 22. Qe2 h6 23. Qe4 Qd6 24. Re7 b5 25. Bf4 Qa3 26. Qxc6 Rf8 27. Re3 Qxa2+ 28. Kh3 Qf2 29. Rf3 Qe2 30. Kg3 f5 31. Qxb5 g5 32. Qd5+ Kh7 33. Bd6 f4+ 34. Kh3 g4+ 35. Kxg4 Qg2+ 36. Kh4 Qxh2+ 37. Rh3 Qf2+ 38. Kh5 1/2-1/2

[Event "IECC CL4-2001.06"]
[Site "IECC email"]
[Date "2001.02.28"]
[Round "?"]
[White "Beninsky, Svejen"]
[Black "Duncan, Brett"]
[Result "1-0"]
[WhiteElo "1832"]
[BlackElo "1701"]
[PlyCount "49"]
[EventDate "2001.??.??"]
[EventType "tourn (corr)"]
[EventRounds "4"]
[SourceTitle "Corr 2008"]
[Source "ChessBase"]
[SourceDate "2008.06.24"]
[SourceVersion "1"]
[SourceVersionDate "2008.06.24"]
[SourceQuality "1"]

1. d4 d5 2. Nf3 Nc6 3. c4 Bg4 4. cxd5 Bxf3 5. gxf3 Qxd5 6. e3 e6 7. Nc3 Qh5 8. f4 Qxd1+ 9. Kxd1 0-0-0 10. Bg2 Nce7 11. Ke2 Nf6 12. Bd2 Nf5 13. Rhc1 Kb8 14. Ne4 Nxe4 15. Bxe4 h6 16. Ba5 b6 17. Bc3 Nd6 18. Bd3 f5 19. Rg1 Rg8 20. Rg6 Re8 21. Rag1 Rh8 22. Bc2 Ne4 23. Ba4 Re7 24. Bb3 Nf6 25. Bb4 1-0

[Event "IECC M email"]
[Site "IECC email"]
[Date "1999.08.03"]
[Round "?"]
[White "Duncan, Brett"]
[Black "Yates, Robert"]
[Result "1-0"]
[WhiteElo "1606"]
[BlackElo "1618"]
[PlyCount "45"]
[EventDate "1999.??.??"]
[EventType "tourn (corr)"]
[EventRounds "6"]
[SourceTitle "Corr 2008"]
[Source "ChessBase"]
[SourceDate "2008.06.24"]
[SourceVersion "1"]
[SourceVersionDate "2008.06.24"]
[SourceQuality "1"]

1. d4 d5 2. c4 e6 3. Nc3 Nf6 4. Bg5 Be7 5. e3 c6 6. Nf3 Nbd7 7. Rc1 0-0 8. Qc2 b6 9. cxd5 exd5 10. Bd3 h6 11. Bf4 Bb7 12. 0-0 Rc8 13. Rfd1 c5 14. dxc5 Bxc5 15. h3 a6 16. Qb1 b5 17. Bf5 Bb6 18. Ne5 Qe7 19. Nxd7 Nxd7 20. Nxd5 Bxd5 21. Rxd5 Rxc1+ 22. Qxc1 Rd8 23. Bc7 1-0

[Event "IECC CL4-1999.22"]
[Site "IECC email"]
[Date "1999.05.14"]
[Round "?"]
[White "Duncan, Brett"]
[Black "Shook, Ray"]
[Result "0-1"]
[WhiteElo "1633"]
[BlackElo "1714"]
[PlyCount "42"]
[EventDate "1999.??.??"]
[EventType "tourn (corr)"]
[EventRounds "4"]
[SourceTitle "Corr 2008"]
[Source "ChessBase"]
[SourceDate "2008.06.24"]
[SourceVersion "1"]
[SourceVersionDate "2008.06.24"]
[SourceQuality "1"]

1. d4 d5 2. c4 e6 3. Nc3 Nf6 4. Bg5 Be7 5. cxd5 exd5 6. Nf3 0-0 7. e3 Bg4 8. Qb3 Nbd7 9. Bxf6 Nxf6 10. Ne5 Be6 11. Qxb7 Rb8 12. Qxa7 Rxb2 13. Nc6 Qd7 14. Nxe7+ Qxe7 15. Qa5 Ne4 16. Be2 Qh4 17. Nxe4 dxe4 18. g3 Qf6 19. Qc3 Rfb8 20. Qxc7 Rxe2+ 21. Kxe2 Qf3+ 0-1

[Event "IECC Trio 654 email"]
[Site "IECC email"]
[Date "1998.12.12"]
[Round "?"]
[White "Duncan, Brett"]
[Black "Johnson, Bernard S"]
[Result "1-0"]
[WhiteElo "1602"]
[BlackElo "1397"]
[PlyCount "65"]
[EventDate "1998.??.??"]
[EventType "tourn (corr)"]
[EventRounds "4"]
[SourceTitle "Corr 2008"]
[Source "ChessBase"]
[SourceDate "2008.06.24"]
[SourceVersion "1"]
[SourceVersionDate "2008.06.24"]
[SourceQuality "1"]

1. f4 d5 2. b3 Bg4 3. Ba3 e6 4. Bxf8 Kxf8 5. g3 Nf6 6. Bg2 Nc6 7. Nf3 Bxf3 8. Bxf3 Nd4 9. Bg2 c5 10. e3 Nb5 11. Qe2 Qb6 12. 0-0 Ke7 13. d3 Nd6 14. Nc3 Qb4 15. Nd1 Qb6 16. Nf2 Nf5 17. g4 Nh4 18. Bh1 Rhd8 19. g5 Ne8 20. e4 Ng6 21. Rae1 Nxf4 22. Qf3 Qc7 23. Ng4 e5 24. exd5 Kf8 25. Nxe5 Nd6 26. Qxf4 Kg8 27. Re3 Re8 28. c4 Rf8 29. Rh3 Qe7 30. Ng4 Rfe8 31. Nf6+ gxf6 32. gxf6 Qf8 33. Rff3 1-0